| 000 | 00806cam a2200265 a 4500 | ||
|---|---|---|---|
| 001 | 13208111 | ||
| 003 | OSt | ||
| 005 | 20161028143356.0 | ||
| 008 | 981019s1996 enka b 001 0 eng d | ||
| 010 | _a 2003446783 | ||
| 020 | _a0748739831 | ||
| 035 | _a(OCoLC)ocm40129347 | ||
| 040 |
_aPSC _cPSC _dWY@ _dDLC |
||
| 050 | 0 | 0 |
_aQD151.2 _b.M33 1996 |
| 082 | 0 | 0 |
_a546 _221 _bMAC 1996 |
| 100 | 1 |
_aMackay, Rosemary Ann.; Henderson, W _98521 |
|
| 245 | 1 | 0 | _aIntroduction to Modern Inorganic Chemistry |
| 250 | _a5th ed. | ||
| 260 |
_aU.K. : _bStanley Thornes, _c1996 |
||
| 300 |
_axvi, 468 p. : _bill. ; _c28 cm. |
||
| 504 | _aIncludes bibliographical references (p. 433-449) and index. | ||
| 650 | 0 |
_aChemistry, Inorganic. _98270 |
|
| 906 |
_a7 _bcbc _ccopycat _d2 _encip _f20 _gy-gencatlg |
||
| 942 |
_2ddc _cSLOAN |
||
| 999 |
_c3882 _d3882 |
||